Blogging for dummies, 7th edition / (Record no. 18740)

MARC details
000 -LEADER
fixed length control field 00816nam a22002895i 4500
005 - DATE AND TIME OF LATEST TRANSACTION
control field 20230614092308.0
008 - FIXED-LENGTH DATA ELEMENTS--GENERAL INFORMATION
fixed length control field 190710s2019 inu 000 0 eng
010 ## - LIBRARY OF CONGRESS CONTROL NUMBER
LC control number 2019945515
020 ## - INTERNATIONAL STANDARD BOOK NUMBER
ISBN 9781119588054
Qualifying information (paperback)
040 ## - CATALOGING SOURCE
Original cataloging agency DLC
Language of cataloging eng
Description conventions rda
Transcribing agency DLC
042 ## - AUTHENTICATION CODE
Authentication code pcc
082 ## - DEWEY DECIMAL CLASSIFICATION NUMBER
Classification number 006.752
Item number LUP-B
100 1# - MAIN ENTRY--AUTHOR
Author Name Lupold Bair, Amy,
245 10 - TITLE STATEMENT
Title Blogging for dummies, 7th edition /
Statement of responsibility, etc. Amy Lupold Bair.
250 ## - EDITION STATEMENT
Edition statement 7th ed..
260 ## - PUBLICATION, DISTRIBUTION, ETC.
Place of Publication USA
Name of publisher, distributor, etc. Wiley
Date of publication, distribution, etc. 2019
300 ## - PHYSICAL DESCRIPTION
Pages 400
336 ## - CONTENT TYPE
Content type term text
Content type code txt
Source rdacontent
337 ## - MEDIA TYPE
Media type term unmediated
Media type code n
Source rdamedia
338 ## - CARRIER TYPE
Carrier type term volume
Carrier type code nc
Source rdacarrier
650 ## - SUBJECT ADDED ENTRY--TOPICAL TERM
Subject / Department Web Site designs
263 ## - PROJECTED PUBLICATION DATE
Projected publication date 1908
264 #1 - PRODUCTION, PUBLICATION, DISTRIBUTION, MANUFACTURE, AND COPYRIGHT NOTICE
Place of production, publication, distribution, manufacture Indianapolis :
Name of producer, publisher, distributor, manufacturer John Wiley and Sons,
Date of production, publication, distribution, manufacture, or copyright notice 2019.
906 ## - LOCAL DATA ELEMENT F, LDF (RLIN)
a 0
b ibc
c orignew
d 2
e epcn
f 20
g y-gencatlg
952 ## - LOCATION AND ITEM INFORMATION (KOHA)
-- 0
-- 0
Holdings
Lost status Damaged status Permanent Location Current Location Shelving Location Date acquired Full Call Number Accession No./Barcode Date last seen item type
    Superior Information Resource Center (SIRC) Superior University- Gold Campus Superior Information Resource Center (SIRC) Superior University- Gold Campus Web Site Designs 06/14/2023 006.752 LUP-B 2019 19320 06/14/2023 BOOK

Powered by Koha